000 00178nam a2200073Ia 4500
008 170817s9999 xx 000 0 und d
100 _aBIPIN ASTHANA
245 0 _aADHIGAM KE LIYE ANKLAN
260 _bAGARWAL PUB .
999 _c39906
_d39906